Debenhams Retail plc and another V Sun Alliance and London Assurance Co Ltd (Record no. 104471)

MARC details
000 -LEADER
fixed length control field 01293cab a2200193 4500
001 - CONTROL NUMBER
control field L130503
008 - FIXED-LENGTH DATA ELEMENTS--GENERAL INFORMATION
fixed length control field 050804n2005 000 0 eng u
035 ## - SYSTEM CONTROL NUMBER
System control number (Sirsi) u130503
041 ## - LANGUAGE CODE
Language code of text/sound track or separate title eng
245 ## - TITLE STATEMENT
Title Debenhams Retail plc and another V Sun Alliance and London Assurance Co Ltd
260 ## - PUBLICATION, DISTRIBUTION, ETC.
Date of publication, distribution, etc. 2005
490 ## - SERIES STATEMENT
Series statement Estates Gazette
Volume/sequential designation (0530) 30 July 2005, 89 (CS)
490 ## - SERIES STATEMENT
Series statement Estates Gazette
Volume/sequential designation (0538) 24 September,2005, 142-145(4)
520 ## - SUMMARY, ETC.
Summary, etc. [2005] EWCA Civ 868, 20 July 2005. Lease of a department store in Swindon, where part of the rent was a percentage of the turnover. The parties entered into a lease in 1965, before the introduction of VAT. Under the lease D had to pay additional rent based on differing percentages of profit. The payments included purchase tax a forerunner of VAT. In 2003 D applied to the court for a declaration that turnover was not to include VAT, to which the HC agreed. On appeal the HC decided that the parties would have regarded a substitute for purchase tax as excluded from the calculation of turnover.
590 ## - LOCAL NOTE (RLIN)
Local note IKA160805
650 ## - SUBJECT ADDED ENTRY--TOPICAL TERM
Topical term or geographic name entry element DEBENHAMS RETAIL PLC V SUN ALLIANCE AND THE LONDON ASSURANCE CO LTD
690 ## - LOCAL SUBJECT ADDED ENTRY--TOPICAL TERM (OCLC, RLIN)
Topical term or geographic name as entry element PROPERTY-COMMERCIAL PROPERTY-LEASEHOLD COMMERCIAL PROPERTY-COMMERCIAL LANDLORD AND TENANT-COMMERCIAL LEASES
942 ## - ADDED ENTRY ELEMENTS (KOHA)
Suppress in OPAC 0
Holdings
Withdrawn status Lost status Source of classification or shelving scheme Damaged status Not for loan Home library Current library Shelving location Date acquired Total Checkouts Full call number Barcode Date last seen Copy number Price effective from Koha item type
    Dewey Decimal Classification     London London Journal article 08/08/2005   L130503 130503-1001 06/08/2019 1 06/08/2019 Law report